000 00911nam a22002777a 4500
008 130821s2000 enk gr eng
020 _a0415290228
040 _aCo-BoUCM
_bspa
041 0 0 _aeng
245 0 4 _aThe Routledge companion to aesthetics
_c[edited by] Berys Gaut and Dominic Lopes.
260 _aLondres (Inglaterra)
_bRoutledge
_c2000
300 _axviii, 580 páginas
504 _aIncluye bibliografía e índice
650 0 4 _aArte y literatura
_99527
650 0 4 _aArte y moral
_99529
650 0 4 _aCriticismo
_912207
650 0 4 _aEstética
_xFilosofía
_982610
650 0 4 _aEstilo literario
_915088
650 0 4 _aFilosofía del arte
_915786
650 0 4 _aFilosofía
_975
650 0 4 _aValores (Filosofía)
_926079
700 1 _aGaut, Berys Nigel.
_9151920
700 1 _aLopez, Dominic.
_9171233
942 _cLIBRO
_a2
_e1
_mR869
_2DEWEY
_h111.85
999 _c89110
_d89110